000 02007cam a2200397 a 4500
001 14685700
005 20170105102917.0
008 070104s2007 nyu b 001 0 eng
010 _a 2007000062
015 _aGBA700961
_2bnb
016 7 _a013634273
_2Uk
020 _a9781403976390
020 _a1403976392
035 _a(OCoLC)ocm77829929
035 _a(OCoLC)77829929
_z(OCoLC)77541090
040 _aDLC
_cDLC
_dBAKER
_dC#P
_dYDXCP
_dIXA
_dVP@
_dBTCTA
_dDMZ
_dNLGGC
_dUKM
_dMUQ
_dDLC
050 0 0 _aJC423
_b.P436 2007
082 0 0 _a320.5/57
_222
084 _a89.62
_2bcl
100 1 _aPhares, Walid,
_d1957-
245 1 4 _aThe war of ideas :
_bJihad against democracy /
_cWalid Phares.
250 _a1st ed.
260 _aNew York :
_bPalgrave Macmillan,
_c2007.
300 _axxii, 266 p. ;
_c25 cm.
500 _aSubtitle on spine: Jihadism against democracy.
504 _aIncludes bibliographical references (p. [251]-260) and index.
505 0 _aThe historical debates -- The antidemocracy axis -- Irreconcilable views -- The Jihadi War on international principles -- The assault on pluralism -- Democracy's pillars under attack -- Gender apartheid -- Jihadism waits out the Cold War: the first war of ideas, 1945-1990 -- Battles over minds: the second war of ideas, 1990-2001 -- The clash of futures: the third war of ideas, 2001-2006 -- The war on learning -- Inflaming hearts and fooling minds -- War on the messengers -- Conclusion.
650 0 _aDemocracy.
650 0 _aJihad.
856 4 2 _3Publisher description
_uhttp://www.loc.gov/catdir/enhancements/fy0708/2007000062-d.html
856 4 2 _3Contributor biographical information
_uhttp://www.loc.gov/catdir/enhancements/fy0708/2007000062-b.html
856 4 1 _3Table of contents only
_uhttp://www.loc.gov/catdir/toc/ecip078/2007000062.html
906 _a7
_bcbc
_corignew
_d1
_eecip
_f20
_gy-gencatlg
942 _2ddc
_cBK
999 _c15407
_d15407